MARC

LEADER 00000nam0a2200000 4500
001 109246
005 20231101214845.0
020 |a RU  |b 85-19789 
035 |a (RuTPU)RU\TPU\book\117927 
090 |a 109246 
100 |a 20070201d1984 m y0rusy5003 ca 
101 0 |a rus 
102 |a RU 
105 |a a j 001zy 
200 1 |a Нефтепромысловая геология и гидрогеология  |e учебное пособие  |f К. Б. Аширов [и др.]  |g Куйбышевский политехнический институт им. В. В. Куйбышева (КПИ) 
210 |a Куйбышев  |c Куйбышев. авиац. ин-т  |d 1984 
215 |a 67 с.  |c ил. 
606 |a Нефтяные месторождения  |x Геология  |2 stltpush  |3 (RuTPU)RU\TPU\subj\45952  |9 65141 
606 |a Гидрогеология  |2 stltpush  |3 (RuTPU)RU\TPU\subj\38647  |9 59032 
610 1 |a нефтепромысловая геология 
610 1 |a нефть 
610 1 |a газ 
610 1 |a нефтяные пласты 
610 1 |a гидрофобизация 
610 1 |a солянокислотные ванны 
610 1 |a учебные пособия 
675 |a 553.982(075.8)  |z rus 
675 |a 556.3(075.8)  |z rus 
701 1 |a Аширов  |b К. Б.  |g Киамиль Бекирович 
701 1 |a Абрамова  |b Л. М. 
701 1 |a Данилова  |b Н. И. 
701 1 |a Белерова  |b В. А. 
712 0 2 |a Куйбышевский политехнический институт им. В. В. Куйбышева (КПИ)  |2 stltpush  |3 (RuTPU)RU\TPU\col\320 
801 0 |a RU  |b RuMRKP  |c 19950704  |g psbo 
801 1 |a RU  |b 63413507  |c 20070201  |g PSBO 
801 2 |a RU  |b 63413507  |c 20180305  |g PSBO 
900 |a Нефтегазопромысловая гидрогеология 
942 |c BK